[Event "San Francisco TNM Summer op"]
[Site "San Francisco"]
[Date "2010.06.08"]
[Round "3"]
[White "Beilin, Allan"]
[Black "Krawczyk, Steven"]
[Result "1-0"]
[WhiteElo "1802"]
[BlackElo "1089"]
[PlyCount "57"]
[EventDate "2010.05.25"]
[EventType "swiss"]
[EventRounds "8"]
[EventCountry "USA"]
[SourceTitle "EXT 2012"]
[Source "ChessBase"]
[SourceDate "2011.11.24"]
[SourceVersion "1"]
[SourceVersionDate "2011.11.24"]
[SourceQuality "1"]

1. e4 c5 2. Nf3 Nc6 3. d4 cxd4 4. Nxd4 Nf6 5. Nc3 d6 6. Be2 g6 7. Be3 Bg7 8. Qd2 0-0 9. f3 Nxd4 10. Bxd4 e5 11. Be3 Be6 12. 0-0-0 Qa5 13. a3 a6 14. Qxd6 Nd7 15. Nd5 Rfd8 16. Qc7 b6 17. Ne7+ Kf8 18. Nc6 Rdc8 19. Qd6+ Kg8 20. Nxa5 Rxc2+ 21. Kxc2 Rc8+ 22. Kb1 bxa5 23. Rc1 Rb8 24. Qxa6 Bf8 25. Ka1 Rb3 26. Bc4 Rxe3 27. Bxe6 Nc5 28. Rxc5 Bxc5 29. Qc8+ 1-0

[Event "San Francisco TNM Summer op"]
[Site "San Francisco"]
[Date "2010.05.25"]
[Round "2"]
[White "Krawczyk, Steven"]
[Black "Newey, Richard H"]
[Result "0-1"]
[WhiteElo "1089"]
[BlackElo "1752"]
[PlyCount "74"]
[EventDate "2010.05.25"]
[EventType "swiss"]
[EventRounds "8"]
[EventCountry "USA"]
[SourceTitle "EXT 2012"]
[Source "ChessBase"]
[SourceDate "2011.11.24"]
[SourceVersion "1"]
[SourceVersionDate "2011.11.24"]
[SourceQuality "1"]

1. e4 c5 2. Bc4 e6 3. e5 Nc6 4. Nf3 Qc7 5. d4 cxd4 6. Nxd4 Qxe5+ 7. Ne2 d5 8. Bb3 Bb4+ 9. Nd2 Nf6 10. 0-0 Bd7 11. Nf3 Qc7 12. Qd3 Rc8 13. c3 Bd6 14. Re1 Ne4 15. Bc2 Nb4 16. Qd1 Nxc2 17. Qxc2 b5 18. a3 a5 19. b4 axb4 20. axb4 Bxb4 21. Bf4 Bd6 22. Be3 Nxc3 23. Rec1 b4 24. Kh1 h6 25. Qb2 e5 26. Ng3 d4 27. Nxd4 exd4 28. Bxd4 0-0 29. Nh5 f6 30. Qd2 Be5 31. Ra7 Qd6 32. Be3 Qxd2 33. Bxd2 Rf7 34. h3 Bf5 35. Ra5 Bg6 36. Nf4 Bxf4 37. Bxf4 b3 0-1

[Event "San Francisco TNM Fall op"]
[Site "San Francisco"]
[Date "2009.12.08"]
[Round "8"]
[White "Mar, Henry"]
[Black "Krawczyk, Steven"]
[Result "1-0"]
[WhiteElo "1500"]
[BlackElo "981"]
[PlyCount "64"]
[EventDate "2009.10.20"]
[EventType "swiss"]
[EventRounds "9"]
[EventCountry "USA"]
[SourceTitle "EXT 2012"]
[Source "ChessBase"]
[SourceDate "2011.11.24"]
[SourceVersion "1"]
[SourceVersionDate "2011.11.24"]
[SourceQuality "1"]

1. e4 c5 2. Nf3 Nf6 3. Nc3 Nc6 4. d4 d6 5. d5 Ne5 6. Nxe5 dxe5 7. Bc4 Qd6 8. 0-0 a6 9. f4 b5 10. fxe5 Qxe5 11. Be2 Bb7 12. Kh1 Rd8 13. Bf4 Qd4 14. Qe1 c4 15. Rd1 Qc5 16. Bf3 g6 17. a3 Bg7 18. Be3 Qc7 19. Qf2 Rd7 20. Bc5 h5 21. Bxe7 Qe5 22. Bc5 Ng4 23. Qg1 Rc7 24. Bd4 Qg5 25. Bxg7 Rh7 26. Bd4 Bc8 27. h3 Bd7 28. Rde1 a5 29. Be3 Qe5 30. Bd4 Qf4 31. e5 Bf5 32. Ne4 Ke7 1-0

[Event "San Francisco TNM Fall op"]
[Site "San Francisco"]
[Date "2009.11.24"]
[Round "6"]
[White "Krawczyk, Steven"]
[Black "Evans, Nicholas Thomas"]
[Result "1-0"]
[WhiteElo "981"]
[BlackElo "1500"]
[PlyCount "57"]
[EventDate "2009.10.20"]
[EventType "swiss"]
[EventRounds "9"]
[EventCountry "USA"]
[SourceTitle "EXT 2012"]
[Source "ChessBase"]
[SourceDate "2011.11.24"]
[SourceVersion "1"]
[SourceVersionDate "2011.11.24"]
[SourceQuality "1"]

1. e4 e6 2. d4 d5 3. Nc3 Nf6 4. Qf3 dxe4 5. Qe3 Bb4 6. Bd2 Nc6 7. 0-0-0 Qxd4 8. Qg3 Bd6 9. Bf4 Bxf4+ 10. Qxf4 Qe5 11. Qh4 0-0 12. Re1 Rd8 13. Nf3 Qa5 14. Nd2 Rd4 15. Nb3 Qh5 16. Qxh5 Nxh5 17. Nxd4 Nxd4 18. Rxe4 c5 19. Rh4 Nf6 20. Bd3 b6 21. Ne4 Nf5 22. Nxf6+ gxf6 23. Rh3 e5 24. g4 Nd4 25. Bxh7+ Kg7 26. Be4 Rb8 27. Bf5 Bxf5 28. gxf5 Nxf5 29. Rg1+ 1-0

[Event "San Francisco TNM Summer op"]
[Site "San Francisco"]
[Date "2009.06.09"]
[Round "3"]
[White "Standen, Julian"]
[Black "Krawczyk, Steven"]
[Result "1-0"]
[WhiteElo "1781"]
[BlackElo "864"]
[PlyCount "91"]
[EventDate "2009.05.26"]
[EventType "swiss"]
[EventRounds "8"]
[EventCountry "USA"]
[SourceTitle "EXT 2012"]
[Source "ChessBase"]
[SourceDate "2011.11.24"]
[SourceVersion "1"]
[SourceVersionDate "2011.11.24"]
[SourceQuality "1"]

1. d4 d5 2. Bf4 c5 3. e3 Nf6 4. c3 g6 5. Nf3 Qb6 6. Qb3 c4 7. Qxb6 axb6 8. Na3 Bd7 9. Bc7 b5 10. Ne5 Bc6 11. Be2 Nbd7 12. 0-0 e6 13. Nc2 Bg7 14. Nb4 Nxe5 15. Bxe5 0-0 16. f3 Nd7 17. Bxg7 Kxg7 18. Bd1 Nb8 19. Bc2 Na6 20. Nxc6 bxc6 21. a3 c5 22. Rad1 Rab8 23. dxc5 Nxc5 24. Rd2 Nb3 25. Bxb3 cxb3 26. Rfd1 f5 27. Kf2 Kf6 28. Rd4 Ra8 29. Rb4 Ra4 30. Rxb5 Re8 31. Rxb3 Ke5 32. Rd4 Rea8 33. Ke2 Rxd4 34. exd4+ Kd6 35. Kd3 h5 36. Rb7 Rg8 37. a4 g5 38. a5 g4 39. f4 h4 40. Rh7 h3 41. g3 Ra8 42. b4 Kc6 43. Re7 Kd6 44. Rh7 Kc6 45. Re7 Kd6 46. Rb7 1-0